[Event "Hong Kong-ch prel"]
[Site "Hong Kong"]
[Date "2019.01.14"]
[Round "2"]
[White "Luk, Luen Wah"]
[Black "Lam, Chun Yung Samuel"]
[Result "1-0"]
[WhiteElo "1842"]
[BlackElo "1330"]
[PlyCount "81"]
[EventDate "2019.01.07"]
[EventType "swiss"]
[EventRounds "9"]
[EventCountry "HKG"]
[SourceTitle "EXT 2020"]
[Source "ChessBase"]
[SourceDate "2019.10.17"]
[SourceVersion "1"]
[SourceVersionDate "2019.10.17"]
[SourceQuality "1"]

1. Nf3 d5 2. g3 c5 3. Bg2 Nf6 4. 0-0 Nc6 5. d4 e6 6. c4 Be7 7. cxd5 exd5 8. Nc3 0-0 9. Bg5 Ne4 10. Bxe7 Nxe7 11. Rc1 Nxc3 12. Rxc3 c4 13. b3 Qa5 14. Qd2 b5 15. bxc4 dxc4 16. Rxc4 Qxd2 17. Nxd2 bxc4 18. Bxa8 c3 19. Nb3 Bh3 20. Bg2 Bxg2 21. Kxg2 Nd5 22. Rc1 Rc8 23. Nc5 f5 24. Kf3 g5 25. e3 Kf7 26. g4 fxg4+ 27. Kxg4 Kg6 28. Kf3 Rf8+ 29. Ke2 Rb8 30. Nd3 Rb2+ 31. Kf3 Rxa2 32. e4 Rd2 33. Ne5+ Kg7 34. exd5 Rxd4 35. Rxc3 Rxd5 36. Rc7+ Kg8 37. Ng4 Rf5+ 38. Kg3 Rf4 39. Nh6+ Kf8 40. Rxa7 Rh4 41. Ra8+ 1-0

[Event "Hong Kong-ch prel"]
[Site "Hong Kong"]
[Date "2018.02.26"]
[Round "7"]
[White "Deng, Jing Xin Crystal"]
[Black "Luk, Luen Wah"]
[Result "1-0"]
[WhiteElo "1729"]
[BlackElo "1918"]
[PlyCount "103"]
[EventDate "2018.01.08"]
[EventType "swiss"]
[EventRounds "11"]
[EventCountry "HKG"]
[SourceTitle "EXT 2019"]
[Source "ChessBase"]
[SourceDate "2018.10.10"]
[SourceVersion "1"]
[SourceVersionDate "2018.10.10"]
[SourceQuality "1"]

1. d4 Nf6 2. c4 g6 3. Nc3 d5 4. cxd5 Nxd5 5. e4 Nxc3 6. bxc3 Bg7 7. Nf3 c5 8. Rb1 0-0 9. Be2 Nc6 10. d5 Ne5 11. Nxe5 Bxe5 12. Qd2 e6 13. f4 Bc7 14. 0-0 exd5 15. exd5 Ba5 16. f5 Bxf5 17. Rxb7 Bb6 18. d6 c4+ 19. Kh1 Qc8 20. Bf3 Qc5 21. Qd5 Bd3 22. Rxf7 Rxf7 23. Qxa8+ Kg7 24. Re1 Qxd6 25. Bd5 Qe5 26. Qg8+ Kxg8 27. Rxe5 Kg7 28. Bxf7 Kxf7 29. Ba3 Bb1 30. Re2 Bd3 31. Re1 Kf6 32. Bc1 Ba5 33. Bd2 h5 34. Kg1 Kf5 35. Kf2 Be4 36. h3 h4 37. Kg1 Ke5 38. Rf1 Bf5 39. Rf3 Ke4 40. Bg5 Kd5 41. Bxh4 Be4 42. Rg3 Bb6+ 43. Kf1 Ke5 44. Bg5 Bd3+ 45. Ke1 Ke4 46. Bf6 Kf4 47. Rg4+ Kf5 48. Bd4 Ba5 49. Kf2 a6 50. Ke3 Bc7 51. Rh4 Bg3 52. Rh8 1-0

[Event "Hong Kong-ch prel"]
[Site "Hong Kong"]
[Date "2018.02.05"]
[Round "5"]
[White "Chan, Lok Yee Lewis"]
[Black "Luk, Luen Wah"]
[Result "1-0"]
[WhiteElo "1871"]
[BlackElo "1918"]
[PlyCount "35"]
[EventDate "2018.01.08"]
[EventType "swiss"]
[EventRounds "11"]
[EventCountry "HKG"]
[SourceTitle "EXT 2019"]
[Source "ChessBase"]
[SourceDate "2018.10.10"]
[SourceVersion "1"]
[SourceVersionDate "2018.10.10"]
[SourceQuality "1"]

1. d4 Nf6 2. c4 g6 3. Nc3 d5 4. Nf3 Bg7 5. Qb3 dxc4 6. Qxc4 0-0 7. e4 Nc6 8. Be2 Bg4 9. Be3 Nd7 10. Rd1 Nb6 11. Qc5 Nd7 12. Qb5 Bxf3 13. gxf3 e5 14. dxe5 Bxe5 15. Qxb7 Qf6 16. Nd5 Qe6 17. Qxc6 Bd6 18. Qxd7 1-0

[Event "Hong Kong-ch prel"]
[Site "Hong Kong"]
[Date "2018.01.29"]
[Round "4"]
[White "Luk, Luen Wah"]
[Black "Wong, Ching Chi"]
[Result "1/2-1/2"]
[WhiteElo "1918"]
[BlackElo "1919"]
[PlyCount "81"]
[EventDate "2018.01.08"]
[EventType "swiss"]
[EventRounds "11"]
[EventCountry "HKG"]
[SourceTitle "EXT 2019"]
[Source "ChessBase"]
[SourceDate "2018.10.10"]
[SourceVersion "1"]
[SourceVersionDate "2018.10.10"]
[SourceQuality "1"]

1. e4 c5 2. Nf3 d6 3. d4 cxd4 4. Nxd4 Nf6 5. Nc3 a6 6. Bg5 e6 7. f4 Be7 8. Qf3 Qc7 9. 0-0-0 b5 10. Bd3 Bb7 11. Rhe1 Nbd7 12. Qg3 b4 13. Nd5 exd5 14. Nf5 Bf8 15. Bxf6 Nxf6 16. Nxg7+ Kd7 17. e5 Ne8 18. e6+ Kc6 19. Nf5 fxe6 20. Rxe6 Ng7 21. Nd4+ Kb6 22. Re2 Qf7 23. Qf2 Kc7 24. Rde1 Bc8 25. f5 Bd7 26. g4 Ne8 27. g5 Qh5 28. h4 h6 29. g6 Bg7 30. Ne6+ Bxe6 31. Rxe6 Bf6 32. Rxf6 Nxf6 33. Re7+ Kc6 34. Qd4 Nd7 35. Rxd7 Kxd7 36. Qxd5 Kc7 37. Be4 Qxh4 38. Qc6+ Kd8 39. Qxd6+ Kc8 40. Qc6+ Kd8 41. Qd6+ 1/2-1/2

[Event "Hong Kong-ch op"]
[Site "Hong Kong"]
[Date "2017.11.13"]
[Round "6"]
[White "Luk, Luen Wah"]
[Black "Liu, Ho Yin"]
[Result "1-0"]
[WhiteElo "1925"]
[BlackElo "1464"]
[PlyCount "85"]
[EventDate "2017.10.09"]
[EventType "swiss"]
[EventRounds "7"]
[EventCountry "HKG"]
[SourceTitle "EXT 2019"]
[Source "ChessBase"]
[SourceDate "2018.10.10"]
[SourceVersion "1"]
[SourceVersionDate "2018.10.10"]
[SourceQuality "1"]

1. e4 d5 2. exd5 e6 3. Bb5+ c6 4. dxc6 bxc6 5. Bc4 Nf6 6. Nf3 Bd6 7. Nc3 0-0 8. d4 Nbd7 9. Bg5 Qb6 10. Rb1 c5 11. 0-0 Bb7 12. Be2 Rac8 13. Bxf6 Nxf6 14. Na4 Qa5 15. Nxc5 Bxc5 16. dxc5 Qxc5 17. c3 Be4 18. Rc1 Rfd8 19. Qa4 Bxf3 20. Bxf3 Nd5 21. Rcd1 a5 22. Rd2 Nb6 23. Rxd8+ Rxd8 24. Rd1 Nxa4 25. Rxd8+ Qf8 26. Rxf8+ Kxf8 27. b4 Nxc3 28. bxa5 Nb5 29. Kf1 Ke7 30. a4 Na7 31. Ke2 Kd6 32. Kd3 Kc5 33. Kc3 e5 34. Be4 h6 35. h4 g6 36. g4 g5 37. hxg5 hxg5 38. Bb7 f6 39. a6 Nc6 40. Bxc6 Kxc6 41. Kc4 Kb6 42. Kd5 Kxa6 43. Ke6 1-0

[Event "Hong Kong op"]
[Site "Hong Kong"]
[Date "2016.12.01"]
[Round "9"]
[White "Medarde Santiago, Luis Marcos"]
[Black "Luk, Luen Wah"]
[Result "1-0"]
[WhiteElo "2348"]
[BlackElo "1992"]
[PlyCount "69"]
[EventDate "2016.10.03"]
[EventType "swiss"]
[EventRounds "9"]
[EventCountry "HKG"]
[SourceTitle "EXT 2018"]
[Source "ChessBase"]
[SourceDate "2017.10.13"]
[SourceVersion "1"]
[SourceVersionDate "2017.10.13"]
[SourceQuality "1"]

1. e4 c5 2. Nf3 Nc6 3. d4 cxd4 4. Nxd4 Nf6 5. Nc3 d6 6. Bg5 e6 7. Qd2 a6 8. 0-0-0 Bd7 9. f4 b5 10. Nxc6 Bxc6 11. Qe1 Qc7 12. Nd5 Bxd5 13. exd5 Rc8 14. Qe2 Be7 15. dxe6 fxe6 16. g3 h6 17. Bh4 Nd7 18. Bxe7 Kxe7 19. Bh3 Qc4 20. Qxc4 Rxc4 21. Rhe1 Nc5 22. Bxe6 Nxe6 23. f5 Rhc8 24. Rxe6+ Kf7 25. Rd2 R8c5 26. Rexd6 Rxf5 27. b3 Re4 28. Rxa6 Rf1+ 29. Rd1 Rf2 30. Rd7+ Kg8 31. Rg6 Ree2 32. Rgxg7+ Kf8 33. Rc7 Rxh2 34. Rh7 Kg8 35. Rhe7 1-0

[Event "Hong Kong-ch prel"]
[Site "Hong Kong"]
[Date "2016.03.07"]
[Round "9"]
[White "Luk, Luen Wah"]
[Black "Tsang, Hon Ki"]
[Result "1-0"]
[WhiteElo "2013"]
[BlackElo "2065"]
[PlyCount "81"]
[EventDate "2016.01.04"]
[EventType "swiss"]
[EventRounds "11"]
[EventCountry "HKG"]
[SourceTitle "EXT 2017"]
[Source "ChessBase"]
[SourceDate "2016.10.25"]
[SourceVersion "1"]
[SourceVersionDate "2016.10.25"]
[SourceQuality "1"]

1. e4 e5 2. Nf3 Nc6 3. Bb5 a6 4. Ba4 Nge7 5. c3 g6 6. d4 exd4 7. cxd4 Bg7 8. Nc3 0-0 9. 0-0 b5 10. Bb3 d6 11. h3 h6 12. Re1 Kh7 13. a4 b4 14. Nd5 Na5 15. Bf4 Nxb3 16. Qxb3 Be6 17. Qxb4 Nxd5 18. exd5 Bxd5 19. Ra3 Qf6 20. Qd2 Rab8 21. b4 g5 22. Bg3 Kg8 23. Rd1 Rfe8 24. h4 g4 25. Ne1 Bc4 26. Nc2 Re2 27. Qc3 d5 28. Ne3 Qe7 29. Nxc4 dxc4 30. Qxc4 Rxb4 31. Qxa6 Re1+ 32. Rxe1 Qxe1+ 33. Kh2 Bxd4 34. Qc8+ Kh7 35. Qf5+ Kh8 36. Re3 Bxe3 37. Be5+ Kg8 38. Qc8+ Kh7 39. Qh8+ Kg6 40. Qf6+ Kh5 41. Qxf7+ 1-0

[Event "Hong Kong-ch prel"]
[Site "Hong Kong"]
[Date "2016.02.29"]
[Round "8"]
[White "Chan, Lok Yee Lewis"]
[Black "Luk, Luen Wah"]
[Result "1/2-1/2"]
[WhiteElo "1793"]
[BlackElo "2013"]
[PlyCount "102"]
[EventDate "2016.01.04"]
[EventType "swiss"]
[EventRounds "11"]
[EventCountry "HKG"]
[SourceTitle "EXT 2017"]
[Source "ChessBase"]
[SourceDate "2016.10.25"]
[SourceVersion "1"]
[SourceVersionDate "2016.10.25"]
[SourceQuality "1"]

1. d4 Nf6 2. c4 g6 3. Nc3 d5 4. Nf3 Bg7 5. Qb3 dxc4 6. Qxc4 0-0 7. e4 Na6 8. Be2 c5 9. d5 e6 10. 0-0 exd5 11. exd5 Re8 12. Rd1 Bf5 13. d6 Ne4 14. d7 Re7 15. Nxe4 Rxe4 16. Bg5 Bf6 17. Bxf6 Qxf6 18. Qd5 Rd8 19. Bxa6 bxa6 20. Qxc5 Re7 21. Qxa7 Qxb2 22. Qxa6 Rexd7 23. Re1 Rd6 24. Qe2 Qa3 25. Qe3 Rd3 26. Qe7 Be6 27. Qf6 R3d6 28. Ng5 Bxa2 29. Qxf7+ Bxf7 30. Rxa3 Rd1 31. Rae3 Bb3 32. h3 Rxe1+ 33. Rxe1 Rd1 34. Rxd1 Bxd1 35. f4 Kg7 36. Kf2 Bb3 37. Ke3 h6 38. Nf3 Bd5 39. g4 Be6 40. Ne5 Kf6 41. Ke4 Bc8 42. Kd5 g5 43. fxg5+ Kxg5 44. Nf7+ Kg6 45. Ne5+ Kg5 46. Nf7+ Kg6 47. Ne5+ Kg5 48. Nf7+ Kg6 49. Nxh6 Kxh6 50. Ke4 Kg5 51. Kf3 Kh4 1/2-1/2

[Event "Hong Kong-ch op"]
[Site "Hong Kong"]
[Date "2015.10.26"]
[Round "8"]
[White "Luk, Luen Wah"]
[Black "Veltman, Jelmer"]
[Result "1/2-1/2"]
[WhiteElo "2013"]
[BlackElo "2184"]
[PlyCount "54"]
[EventDate "2015.09.03"]
[EventType "swiss"]
[EventRounds "9"]
[EventCountry "HKG"]
[SourceTitle "EXT 2017"]
[Source "ChessBase"]
[SourceDate "2016.10.25"]
[SourceVersion "1"]
[SourceVersionDate "2016.10.25"]
[SourceQuality "1"]

1. e4 c5 2. Nf3 Nc6 3. d4 cxd4 4. Nxd4 g6 5. Nc3 Bg7 6. Be3 Nf6 7. Bc4 Qa5 8. 0-0 0-0 9. Bb3 d6 10. h3 Bd7 11. Re1 Rfe8 12. Qe2 a6 13. Rad1 Rac8 14. f4 Qh5 15. Nf3 h6 16. e5 dxe5 17. Nxe5 Nxe5 18. Qxh5 Nxh5 19. fxe5 Bc6 20. g4 Bxe5 21. gxh5 g5 22. Bxg5 Bxc3 23. Rxe7 Rxe7 24. Bxe7 Bxb2 25. Rf1 Bd4+ 26. Kh2 Be5+ 27. Kg1 Bd4+ 1/2-1/2